| 000 | 00893nas a2200301 4500 | ||
|---|---|---|---|
| 001 | BR2013009629 | ||
| 003 | BR-BrBNA | ||
| 005 | 20231205123304.0 | ||
| 007 | ta | ||
| 008 | 230509b bl.|||p| |||| 00| 00por d | ||
| 040 |
_aBR-BrBNA _bpor _cBiblioteca Nacional de Agricultura |
||
| 041 | _a(Pt) | ||
| 072 | _aF61 | ||
| 100 | 1 | _aMuniz, M.A. | |
| 100 | 1 | _aYumbla-Orbes, M. | |
| 100 | 1 | _aBarbosa, J.G. | |
| 100 | 1 | _aOliveira, L.G. | |
| 245 | 1 | _aAcúmulo de micronutrientes em tango em função do número de hastes cultivadas | |
| 650 | _aPLANTA ORNAMENTAL | ||
| 650 | _aCULTIVO | ||
| 650 | _aMICRONUTRIENTE | ||
| 650 | _aMASSA SECA | ||
| 650 | _aFLOR PARA CORTE | ||
| 650 | _aPRODUTIVIDADE | ||
| 773 | 0 |
_tHorticultura Brasileira (Brazil) _xISSN 0102-0536 _g(Apr-Jun 2013), v. 31(2) p. 273-278 _wBR2013009629 |
|
| 909 |
_a202311 _bLúcia _c55 _dLúcia Elande |
||
| 942 |
_2AGRIS _n0 _cANA |
||
| 999 |
_c233137 _d233137 |
||